000 00300nam a22001337a 4500
008 171031b xxu||||| |||| 00| 0 eng d
020 _a9780137153732
041 _aeng
080 _26 ED
_a59
100 _a59
101 _aBUS
245 _aINTERNATIONAL BUSINESS
_cGRIFFIN.R.W
942 _2udc
_cBK
999 _c36839
_d36839